Lidová oděvní kultura : příspěvky k ikonografii, typologii a metodologii /

Hlavní autor: Jeřábková, Alena, 1934-
Korporativní autor: Masarykova univerzita. Ústav evropské etnologie
Jazyk: Čeština
Vydáno: Brno : Masarykova univerzita, 2014
Vydání: Vyd. 1.
Edice: Etnologické studie
Témata:
Externí odkaz: Digitalizovaný dokument
Fyzický popis: 271 s. : il. (některé barev.) ; 24 cm
Language note: Anglické resumé
Knihy
Uloženo v:
LEADER 02911cam a2200757 a 4500
001 nkc20142627640
003 CZ PrNK
005 20250520085545.0
007 ta
008 140820s2014 xr a f 000 0 cze d
015 |a cnb002627640 
020 |a 978-80-210-6928-2  |q (brož.) 
035 |a (OCoLC)897869678 
040 |a BOB010  |b cze  |d CBA001  |d ABA001 
041 0 |a cze  |b eng 
043 |a e-xr---  |b e-xr-mr  |2 czenas 
072 7 |a 391  |x Oděv, móda, ozdoby  |2 Konspekt  |9 1 
080 |a 391  |2 MRF 
080 |a 39  |2 MRF 
080 |a 7.04  |2 MRF 
080 |a 001.8:140  |2 MRF 
080 |a (437.3)  |2 MRF 
080 |a (437.32)  |2 MRF 
080 |a (437.32-18)  |2 MRF 
080 |a (048.8)  |2 MRF 
080 |a (046)  |2 MRF 
080 |a (084.11)  |2 MRF 
100 1 |a Jeřábková, Alena,  |d 1934-  |7 jk01051554  |4 aut 
245 1 0 |a Lidová oděvní kultura :  |b příspěvky k ikonografii, typologii a metodologii /  |c Alena Jeřábková 
250 |a Vyd. 1. 
260 |a Brno :  |b Masarykova univerzita,  |c 2014 
300 |a 271 s. :  |b il. (některé barev.) ;  |c 24 cm 
490 1 |a Etnologické studie ;  |v 16 
500 |a 250 výt. 
500 |a Nad názvem: Masarykova univerzita, Filozofická fakulta, Ústav evropské etnologie 
504 |a Obsahuje bibliografie a bibliografické odkazy 
546 |a Anglické resumé 
650 0 7 |a lidové oděvy  |7 ph115139  |z Česko  |2 czenas 
650 0 7 |a lidová kultura  |7 ph122304  |z Česko  |2 czenas 
650 0 7 |a ikonografie  |7 ph121030  |2 czenas 
650 0 7 |a typologie (vědecká metoda)  |7 ph126822  |2 czenas 
650 0 7 |a etnografie  |7 ph137601  |z Česko  |2 czenas 
650 0 9 |a ethnic costume  |z Czechia  |2 eczenas 
650 0 9 |a folk culture  |z Czechia  |2 eczenas 
650 0 9 |a iconography  |2 eczenas 
650 0 9 |a typology (scientific method)  |2 eczenas 
650 0 9 |a ethnography  |z Czechia  |2 eczenas 
651 7 |a Morava (Česko)  |7 ge130070  |x etnografie  |2 czenas 
651 7 |a Valašsko (Česko)  |7 ge131229  |x etnografie  |2 czenas 
651 9 |a Moravia (Czechia)  |x ethnography  |2 eczenas 
651 9 |a Valašsko (Czechia)  |x ethnography  |2 eczenas 
655 7 |a studie  |7 fd133597  |2 czenas 
655 7 |a články  |7 fd133976  |2 czenas 
655 7 |a obrazové publikace  |7 fd132947  |2 czenas 
655 9 |a studies  |2 eczenas 
655 9 |a journal articles  |2 eczenas 
655 9 |a pictorial works  |2 eczenas 
710 2 |a Masarykova univerzita.  |b Ústav evropské etnologie  |7 olak2002158673 
830 0 |a Etnologické studie  |0 s 
856 4 1 |u https://www.digitalniknihovna.cz/mzk/uuid/uuid:1ba8d440-bc56-11ea-b68c-005056827e52  |y Digitalizovaný dokument  |x NDK 
910 2 |a BOA001  |b 2-1337.002 
990 |a BK 
995 |a 01 
991 |b 201411  |c NOV  |j 391 JEŘ  |e n 
996 6 |b 2610612497  |c 2-1337.002  |l MZK  |r Sklad / do 1 hodiny  |n 15  |p p.v.  |w 001472674  |u 000010  |a 1  |e BOA001  |j MZK50  |s P 
996 7 |b 2610612498  |c 2-1337.002  |l Vol.výběr  |r VV 0p  |n 28  |p p.v.  |h 391 JEŘ  |w 001472674  |u 000020  |a 0  |e BOA001  |j MZK50  |s A